Strzelcy bramek w 19 kolejce Premier League w sezonie 20/21. - Statystyki

Ogólne statystyki
  • Ten quiz został rozwiązany 27 razy
  • Średni wynik to 14 z 21
Statystyki odpowiedzi
Mecz Piłkarz % Poprawnych
Manchester City - Crystal Palace 4:0 Sterling
100%
Arsenal - Newcastle 1:0 Aubameyang
92%
Arsenal - Newcastle 3:0 Aubameyang
92%
Sheffield United - Tottenham 0:2 Kane
92%
Manchester City - Crystal Palace 2:0 Gundogan
83%
Arsenal - Newcastle 2:0 Saka
79%
Leicester - Southampton 2:0 Barnes
71%
Sheffield United - Tottenham 1:3 Ndombele
71%
Wolves - West Brom 1:1 Silva
71%
West Ham - Burnley 1:0 Antonio
67%
Leicester - Southampton 1:0 Maddison
63%
Leeds - Brighton 0:1 Maupay
63%
Fulham - Chelsea 0:1 Mount
63%
Wolves - West Brom 0:1 Pereira
63%
Wolves - West Brom 2:3 Pereira
63%
Manchester City - Crystal Palace 1:0 Stones
63%
Manchester City - Crystal Palace 3:0 Stones
63%
Wolves - West Brom 2:1 Boly
54%
Sheffield United - Tottenham 0:1 Aurier
50%
Sheffield United - Tottenham 1:2 McGoldrick
38%
Wolves - West Brom 2:2 Ajayi
17%
Nie znaleziono quizów pasujących do podanych kryteriów
Rozkład punktacji
Procent ludzi z każdym wynikiem
Percentyl według liczby udzielonych odpowiedzi
Twoja historia wyników
Nie rozwiązałeś tego quizu